Quiz sul Burkina Faso - Statistics

Statistiche generali
  • Questo quiz è stato fatto 373 volte
  • Il punteggio medio è 11 su 16
Statistiche sulle risposte
Hint Risposta % Corretto
Paese europeo che ha colonizzato il paese dal 1896 al 1960 Francia
92%
Mali
91%
Niger
91%
Togo
88%
Paesi confinanti Benin
87%
Costa d'Avorio
84%
Ghana
84%
Capitale Ouagadougou
77%
Metallo che rappresenta il 47% delle esportazioni Oro
76%
Statistica educativa che è passata dal 9% al 41% negli ultimi 40 anni Tasso di {alfabetizzazione}
62%
Nome del Paese fino al 1984 Alto {Volta}
55%
Regione semi-arida sotto il Sahara in cui si trova il Burkina Faso settentrionale Sahel
55%
Fibra che rappresenta il 31% delle esportazioni Cotone
52%
Rivoluzionario noto come il "Che Guevara" africano, assassinato nel 1987 Thomas Sankara
35%
Significato di "Burkina Faso" Terra degli uomini {integri}
23%
La lingua madre più parlata M{ossi}
20%
Nessun quiz corrispondente trovato
Distribuzione punteggi
Percentuale di utenti per punteggio
Percentile per numero di risposta
I tuoi punteggi nel tempo
Non hai fatto questo quiz